000 00530nam a2200205Ia 4500
005 20230609120749.0
008 131103s9999 xx 000 0 und d
020 _a0-74900-090-2
040 _aLoreto College
041 _aEnglish
082 _a808.2
_bGAT
100 _aGater, Dilys
245 _aHow to write a play
_b for the amature stage
_cDilys Gater
260 _aLondon
_bW. H. Allen
_c1990
300 _aviii,117 p.
650 _aLiterature -
651 _aRhetoric - Drama -
850 _aLCLIB
942 _cBK
999 _c1661
_d52140